| 000 | 00324 a2200133 4500 | ||
|---|---|---|---|
| 999 |
_c324921 _d324921 |
||
| 001 | 89848 | ||
| 003 | NUST | ||
| 082 | _a891.4391 NAD | ||
| 100 |
_aAhmed Nadeem Qasmi _99434 |
||
| 245 | _aNadeem Ki Ghazlain | ||
| 260 |
_aLahore _bSang-e-meel Publications _c2006 |
||
| 300 | _a840p. | ||
| 500 | _aGeneral Books | ||
| 942 |
_aCAE NUST _cBK _k891.4391 NAD _2ddc |
||